Name All of the Cleveland Browns Starting Quarterbacks since 1999 - Statistics

General Stats
  • This quiz has been taken 175 times
  • The average score is 11 of 26
Answer Stats
Hint Answer % Correct
2014-15 Johnny Manziel
79%
1999-2003 Tim Couch
73%
2016 Robert Griffin III
63%
2015-16 Josh McCown
61%
2012-13 Brandon Weeden
59%
2004 Luke McCown
59%
2013-14 Brian Hoyer
52%
2007-09 Brady Quinn
51%
2010-12 Colt McCoy
50%
2005-09 Derek Anderson
50%
2016 Cody Kessler
41%
2013 Jason Campbell
39%
2010 Jake Delhomme
36%
2010-12 Seneca Wallace
36%
2004 Jeff Garcia
35%
2001-04 Kelly Holcomb
28%
2015 Austin Davis
27%
2005-07 Charlie Frye
27%
2000 Spergon Wynn
27%
2014-15 Connor Shaw
26%
1999 Ty Detmer
26%
2000 Doug Pederson
24%
2011-12 Thad Lewis
24%
2008 Bruce Gradkowski
22%
2005 Trent Dilfer
22%
2006-08 Ken Dorsey
14%
No matching quizzes found
Score Distribution
Percent of People with Each Score
Percentile by Number Answered
Your Score History
You have not taken this quiz